| 000 | 01088cam a2200325 i 4500 | ||
|---|---|---|---|
| 999 |
_c71325 _d26170 |
||
| 001 | 71325 | ||
| 003 | TR-AnTOB | ||
| 005 | 20240418091547.0 | ||
| 008 | 080724s2008 tu tur | ||
| 020 | _a9789944031004 | ||
| 035 | _a71325 | ||
| 040 |
_aTR-AnTOB _beng _cTR-AnTOB _erda |
||
| 041 | _atur | ||
| 050 |
_aKKX2858.A9 _bK39 2008 |
||
| 090 | _aKKX2858.A9 K39 2008 | ||
| 100 |
_aKayhan, Mehmet _945633 |
||
| 245 | 0 |
_aYürütmeyi durdurma : _bidari davalarda yürütmenin durdurulması, kararların hukuki etki ve tazmin sonuçları, temyiz veya itiraz istemlerinde yürütmenin durdurulması açıklamalı, içtihatlı Anayasa Mahkemesi Danıştay Yargıtay kararları / _cMehmet Kayhan. |
|
| 264 | 1 |
_a[Ankara: _bTürk Diyanet Vakfı, _c2008] |
|
| 300 |
_a467 s.; _c24 cm. |
||
| 336 |
_2rdacontent _atext _btxt |
||
| 337 |
_2rdamedia _aunmediated _bn |
||
| 338 |
_2rdacarrier _avolume _bnc |
||
| 650 | 0 |
_aAdministrative law _zTurkey _910432 |
|
| 650 |
_aİdare hukuku _zTürkiye _910433 |
||
| 902 | _a0024628 | ||
| 903 | _aMerkez Kütüphane | ||
| 942 |
_cBK _2lcc |
||
| 945 | _aCS | ||